Tableau des médailles olympiques - Saint-Louis 1904 - Statistiques

Statistiques générales
  • Ce quiz a été pris 11 fois
  • Le résultat moyen est 6 sur 10
Statistiques - réponses
Or Argent Bronze Total Pays % Correct
4 1 1 6 Canada
100%
78 82 79 239 États-Unis
100%
1 1 0 2 Grande-Bretagne
91%
4 4 5 13 Allemagne
73%
0 0 1 1 Autriche
55%
2 1 1 4 Hongrie
45%
1 0 1 2 Suisse
45%
1 0 1 2 Grèce
27%
4 2 3 9 Cuba
18%
1 1 0 2 Équipe mixte
18%
Aucun quiz correspondant
Distribution des résultats
% des personnes avec chaque résultat
Percentile par nombre de réponses
Votre historique - résultats
Vous n’avez pas pris ce quiz